Focus sur: Lug - Tolkien - Statistiques

Statistiques générales
  • Ce quiz a été pris 14 fois
    13 depuis la dernière actualisation
  • Le résultat moyen est 3 sur 6
Statistiques - réponses
Informations recherchées Réponses % Correct
Première mention Le Silmarillion
89%
Age durant lequel il vécut Premier
89%
Espèce Orque
56%
Profession Soldat de Melkor
44%
Forteresse Angband
33%
Contrée Beleriand
33%
Aucun quiz correspondant
Distribution des résultats
% des personnes avec chaque résultat
Percentile par nombre de réponses
Votre historique - résultats
Vous n’avez pas pris ce quiz depuis la dernière actualisation